Firemné plánovanie materiály na cvičenia

Salvato in:
Dettagli Bibliografici
Autore principale: Zagoršek, Branislav, 1984-
Altri autori: Čambalíková, Andrea, 1990-, Šinský, Peter, Bednár, Richard, 1985-
Natura: Libro
Lingua:slovacco
Pubblicazione: Bratislava Vydavateľstvo EKONÓM 2018
Edizione:1. vydanie
Soggetti:
Tags: Aggiungi Tag
Nessun Tag, puoi essere il primo ad aggiungerne!!

MARC

LEADER 00000nam a2200000 4500
001 0250355
005 20240502074019.3
020 |a 978-80-225-4575-4 
041 0 |a slo 
044 |a SK 
245 1 0 |a Firemné plánovanie  |b materiály na cvičenia  |c Branislav Zagoršek, Andrea Čambalíková ; recenzenti: Peter Šinský, Richard Bednár 
250 |a 1. vydanie 
264 1 |a Bratislava  |b Vydavateľstvo EKONÓM  |c 2018 
300 |a 142 s. [8,21 AH] 
610 2 0 |a plánovanie podnikové 
610 2 0 |a metódy plánovania 
610 2 0 |a plánovanie výroby 
610 2 0 |a materiál 
610 2 0 |a marketing 
610 2 0 |a plánovanie personálne 
610 2 0 |a investície 
610 2 0 |a plán finančný 
610 2 0 |a kontrola 
610 2 0 |a plán podnikateľský 
610 2 0 |a štúdie prípadové 
100 1 |a Zagoršek, Branislav, 1984- 
700 1 |a Čambalíková, Andrea, 1990- 
700 1 |a Šinský, Peter 
700 1 |a Bednár, Richard, 1985-